000 00563nam a22002057a 4500
001 340
003 KOHA_MİRAKIL
005 20230712105328.0
008 230712b tu ||||| |||| 00| 0 tur d
020 _a975-486-879-9
040 _aTR-AnANB
_btur
_cTR-AnANB
090 _aCeza Muhakemesi Hukuku-53
100 _aKunter, Nurullah.
245 0 _aYakalama ve İfade Alma /
_cNurullah Kunter, Feridun Yenisey.
250 _a1.Basım
260 _aİstanbul:
_bBeta Yayınevi,
_c2000.
300 _a176 Sayfa
650 _aCeza Muhakemesi Hukuku
942 _2ddc
_cBK
999 _c340
_d340